00825nam a22002417a 450000500170000001000120001702000220002903500130005103700160006404000120008008200170009210000240010924500760013326000400020927000470024930000200029650000200031665000420033665000370037894200260041599900190044195201230046020170124105924.0 aB-81275 c00.00a8188237035 aA-948820 bCen Lib/Ret aDPLbEN a327.174bDAT aDatt, Savita 95587 aChagai and beyond :c by Savita Dattbnuclear development in Pakistan / aNew DelhibI.K. Internationalc2003 bNew DelhiaGreen Park, Main Markete110020 a574p.c22cm(Hb) aIncludes index  aNuclear development zPakistan 95588 aNuclear issues zPakistan 95589 2ddccENh327.174mDAT c123358d123358 00104070aLbLd2015-06-05eCen Lib/Retg0.00l0o327.174 DATpB-81275r2015-06-05 00:00:00t1v0.00w2015-06-05yEN